ՀՀ Գիտությունների ազգային ակադեմիայի հիմնարար գիտական գրադարան  =   Fundamental Scientific Library of NAS RA

Отверженные : (Record no. 205968)

MARC details
000 -LEADER
fixed length control field 00786nam a2200241 u 4500
001 - CONTROL NUMBER
control field 000545163
003 - CONTROL NUMBER IDENTIFIER
control field AM-YeHGA
005 - DATE AND TIME OF LATEST TRANSACTION
control field 20250618073043.0
008 - FIXED-LENGTH DATA ELEMENTS--GENERAL INFORMATION
fixed length control field 070716s1989 ||| r 000 0 rus d
020 ## - INTERNATIONAL STANDARD BOOK NUMBER
International Standard Book Number 5341002326 (Т. 1)
020 ## - INTERNATIONAL STANDARD BOOK NUMBER
International Standard Book Number 5-341-00233-4 (Т. 2)
020 ## - INTERNATIONAL STANDARD BOOK NUMBER
International Standard Book Number 5-341-00391-8
040 ## - CATALOGING SOURCE
Original cataloging agency AM-YeHGA
041 1# - LANGUAGE CODE
Language code of text/sound track or separate title rus
Language code of accompanying material other than librettos and transcripts fre
090 ## - LOCALLY ASSIGNED LC-TYPE CALL NUMBER (OCLC); LOCAL CALL NUMBER (RLIN)
-- 207468
100 1# - MAIN ENTRY--PERSONAL NAME
Personal name Հյուգո, Վիկտոր,
Dates associated with a name 1802-1885
9 (RLIN) 5858
245 10 - TITLE STATEMENT
Title Отверженные :
Remainder of title Роман : В 2 т. /
Statement of responsibility, etc. Виктор Гюго.
260 ## - PUBLICATION, DISTRIBUTION, ETC.
Place of publication, distribution, etc. Минск :
Name of publisher, distributor, etc. Нар. асвета,
Date of publication, distribution, etc. 1989.
300 ## - PHYSICAL DESCRIPTION
Extent 2 т.
505 0# - FORMATTED CONTENTS NOTE
Miscellaneous information Т. 1 (719 с.)
-- Т. 2 (751 с.)
653 0# - INDEX TERM--UNCONTROLLED
Uncontrolled term Франция, 19 в. (х. л.)
653 0# - INDEX TERM--UNCONTROLLED
Uncontrolled term Революционное движение во Франции, 19 в. (х. л.)
Holdings
Withdrawn status Lost status Damaged status Not for loan Collection Home library Current library Date acquired Serial enumeration / chronology Total checkouts Full call number Barcode Date last seen Price effective from Koha item type Public note
        General Fundamental Scientific Library Fundamental Scientific Library 28/12/2016 Т. 1   РII/597705 120597705 28/12/2016 28/12/2016 Գրքեր / Books 30 Days Loan
        General Fundamental Scientific Library Fundamental Scientific Library 28/12/2016 Т. 2   РII/599461 120599461 28/12/2016 28/12/2016 Գրքեր / Books 30 Days Loan


ՀՀ ԳԱԱ հիմնարար գիտական գրադարան
ՀՀ,Երևան 0019
Մարշալ Բաղրամյան 24/6
հեռախոս:(374-10) 52-47-50
Հետադարձ կապ

All site content, except where otherwise noted, is licensed under a
Creative Commons License